[Event "DEM U10w 2021"]
[Site "Willingen GER"]
[Date "2021.08.26"]
[Round "6"]
[White "Rössling, Laura Marie"]
[Black "Müller, Ariana"]
[Result "1-0"]
[Termination "normal"]
[Board "12"]
[WhiteElo "1094"]
[BlackElo "1006"]
[WhiteClock "00:21:32"]
[BlackClock "00:15:16"]
[PlyCount "93"]
[WhiteFideId "16289471"]
[BlackFideId "34615024"]
[EventCountry "GER"]
[EventRounds "11"]
[EventType "swiss"]
[EventDate "2021.08.22"]

1. e4 {[%clk 01:15:58]} {[%emt 00:00:02]} e5 {[%clk 01:15:53]} {[%emt
00:00:07]} 2. Nf3 {[%clk 01:16:25]} {[%emt 00:00:04]} Nc6 {[%clk 01:16:11]}
{[%emt 00:00:13]} 3. Bc4 {[%clk 01:16:50]} {[%emt 00:00:05]} Be7 {[%clk
01:16:29]} {[%emt 00:00:12]} 4. c3 {[%clk 01:16:28]} {[%emt 00:00:51]} d6
{[%clk 01:15:58]} {[%emt 00:01:00]} 5. h3 {[%clk 01:16:47]} {[%emt 00:00:11]}
Nf6 {[%clk 01:15:14]} {[%emt 00:01:15]} 6. d3 {[%clk 01:15:57]} {[%emt
00:01:20]} Be6 {[%clk 01:13:48]} {[%emt 00:01:55]} 7. Bxe6 {[%clk 01:09:32]}
{[%emt 00:06:56]} fxe6 {[%clk 01:13:31]} {[%emt 00:00:46]} 8. O-O {[%clk
01:07:15]} {[%emt 00:02:48]} O-O {[%clk 01:12:21]} {[%emt 00:01:40]} 9. Be3
{[%clk 01:05:09]} {[%emt 00:02:36]} Qd7 {[%clk 01:11:33]} {[%emt 00:01:18]} 10.
Nbd2 {[%clk 01:03:31]} {[%emt 00:02:07]} d5 {[%clk 01:06:03]} {[%emt 00:06:01]}
11. exd5 {[%clk 01:01:08]} {[%emt 00:02:53]} exd5 {[%clk 01:06:02]} {[%emt
00:00:30]} 12. a3 {[%clk 00:54:41]} {[%emt 00:06:58]} Nh5 {[%clk 01:02:47]}
{[%emt 00:03:45]} 13. Nxe5 {[%clk 00:48:37]} {[%emt 00:06:34]} Nxe5 {[%clk
01:02:14]} {[%emt 00:01:03]} 14. d4 {[%clk 00:48:09]} {[%emt 00:00:58]} Nd3
{[%clk 01:01:50]} {[%emt 00:00:54]} 15. Qxh5 {[%clk 00:47:52]} {[%emt
00:00:46]} Rae8 {[%clk 00:59:48]} {[%emt 00:02:32]} 16. Qd1 {[%clk 00:35:47]}
{[%emt 00:12:32]} Nxb2 {[%clk 00:54:39]} {[%emt 00:05:42]} 17. Qb3 {[%clk
00:35:40]} {[%emt 00:00:38]} Nd3 {[%clk 00:53:09]} {[%emt 00:01:59]} 18. Qxb7
{[%clk 00:35:40]} {[%emt 00:00:30]} a5 {[%clk 00:53:12]} {[%emt 00:00:28]} 19.
Qa6 {[%clk 00:31:16]} {[%emt 00:04:54]} a4 {[%clk 00:53:26]} {[%emt 00:00:17]}
20. Qxd3 {[%clk 00:31:32]} {[%emt 00:00:13]} Rf5 {[%clk 00:49:28]} {[%emt
00:04:27]} 21. Qe2 {[%clk 00:29:16]} {[%emt 00:02:45]} c6 {[%clk 00:46:32]}
{[%emt 00:03:28]} 22. Rab1 {[%clk 00:24:41]} {[%emt 00:05:03]} Bxa3 {[%clk
00:38:55]} {[%emt 00:08:08]} 23. Ra1 {[%clk 00:24:26]} {[%emt 00:00:46]} Qd6
{[%clk 00:38:26]} {[%emt 00:00:59]} 24. Qd3 {[%clk 00:24:18]} {[%emt 00:00:37]}
Ref8 {[%clk 00:36:30]} {[%emt 00:02:27]} 25. Nb1 {[%clk 00:22:33]} {[%emt
00:02:15]} Bb2 {[%clk 00:34:18]} {[%emt 00:02:42]} 26. Rxa4 {[%clk 00:22:21]}
{[%emt 00:00:43]} Qf6 {[%clk 00:32:09]} {[%emt 00:02:38]} 27. Qc2 {[%clk
00:21:17]} {[%emt 00:01:33]} Bxc3 {[%clk 00:31:27]} {[%emt 00:01:13]} 28. Nxc3
{[%clk 00:21:29]} {[%emt 00:00:18]} Re8 {[%clk 00:25:20]} {[%emt 00:06:37]} 29.
Nd1 {[%clk 00:21:18]} {[%emt 00:00:41]} Qf8 {[%clk 00:24:55]} {[%emt 00:00:55]}
30. Bc1 {[%clk 00:20:50]} {[%emt 00:00:57]} Re4 {[%clk 00:22:16]} {[%emt
00:03:10]} 31. Ba3 {[%clk 00:20:44]} {[%emt 00:00:36]} Qf6 {[%clk 00:21:26]}
{[%emt 00:01:19]} 32. Ra8+ {[%clk 00:20:54]} {[%emt 00:00:21]} Kf7 {[%clk
00:20:45]} {[%emt 00:01:10]} 33. Rf8+ {[%clk 00:21:10]} {[%emt 00:00:15]} Kg6
{[%clk 00:20:05]} {[%emt 00:01:10]} 34. Rxf6+ {[%clk 00:21:22]} {[%emt
00:00:18]} Rxf6 {[%clk 00:20:15]} {[%emt 00:00:20]} 35. Qd3 {[%clk 00:21:28]}
{[%emt 00:00:24]} Kg5 {[%clk 00:19:57]} {[%emt 00:00:48]} 36. Qg3+ {[%clk
00:21:41]} {[%emt 00:00:15]} Kf5 {[%clk 00:17:48]} {[%emt 00:02:40]} 37. Ne3+
{[%clk 00:21:52]} {[%emt 00:00:19]} Ke6 {[%clk 00:17:57]} {[%emt 00:00:22]} 38.
Qd6+ {[%clk 00:22:08]} {[%emt 00:00:14]} Kf7 {[%clk 00:18:01]} {[%emt
00:00:26]} 39. Qf8+ {[%clk 00:22:08]} {[%emt 00:00:30]} Kg6 {[%clk 00:18:03]}
{[%emt 00:00:27]} 40. Qg8 {[%clk 00:21:14]} {[%emt 00:01:25]} Rxd4 {[%clk
00:17:19]} {[%emt 00:01:14]} 41. Bb2 {[%clk 00:21:20]} {[%emt 00:00:24]} Re4
{[%clk 00:16:39]} {[%emt 00:01:09]} 42. Bxf6 {[%clk 00:21:36]} {[%emt
00:00:15]} Kxf6 {[%clk 00:16:53]} {[%emt 00:00:16]} 43. Ng4+ {[%clk 00:21:34]}
{[%emt 00:00:33]} Kg6 {[%clk 00:17:07]} {[%emt 00:00:15]} 44. Rc1 {[%clk
00:21:26]} {[%emt 00:00:37]} Rf4 {[%clk 00:15:17]} {[%emt 00:02:20]} 45. Rxc6+
{[%clk 00:21:40]} {[%emt 00:00:17]} Kg5 {[%clk 00:15:30]} {[%emt 00:00:17]} 46.
Qxg7+ {[%clk 00:21:48]} {[%emt 00:00:22]} Kf5 {[%clk 00:15:16]} {[%emt
00:00:41]} 47. Qe5# {[%clk 00:21:32]} {[%emt 00:00:15]} 1-0

[Event "DEM U10w 2021"]
[Site "Willingen GER"]
[Date "2021.08.26"]
[Round "6"]
[White "Dominick, Johanna"]
[Black "Leistritz, Romina"]
[Result "1-0"]
[Termination "normal"]
[Board "14"]
[WhiteElo "936"]
[BlackElo "1047"]
[WhiteClock "01:11:02"]
[BlackClock "00:52:15"]
[PlyCount "137"]
[WhiteFideId "16296532"]
[EventCountry "GER"]
[EventRounds "11"]
[EventType "swiss"]
[EventDate "2021.08.22"]

1. e4 {[%clk 01:15:58]} {[%emt 00:00:01]} e5 {[%clk 01:15:57]} {[%emt
00:00:03]} 2. Nf3 {[%clk 01:16:23]} {[%emt 00:00:05]} Nc6 {[%clk 01:16:22]}
{[%emt 00:00:05]} 3. Bc4 {[%clk 01:16:49]} {[%emt 00:00:05]} Bc5 {[%clk
01:16:45]} {[%emt 00:00:08]} 4. d3 {[%clk 01:17:04]} {[%emt 00:00:14]} h6
{[%clk 01:17:07]} {[%emt 00:00:07]} 5. Nc3 {[%clk 01:17:28]} {[%emt 00:00:07]}
Nf6 {[%clk 01:16:49]} {[%emt 00:00:47]} 6. Be3 {[%clk 01:17:50]} {[%emt
00:00:08]} Bxe3 {[%clk 01:17:08]} {[%emt 00:00:13]} 7. fxe3 {[%emt 00:00:15]}
d6 {[%emt 00:00:26]} 8. Qd2 {[%clk 01:16:45]} {[%emt 00:00:53]} Be6 {[%clk
01:16:17]} {[%emt 00:01:21]} 9. Nd5 {[%clk 01:16:44]} {[%emt 00:00:31]} Bxd5
{[%clk 01:14:10]} {[%emt 00:02:37]} 10. exd5 {[%clk 01:16:37]} {[%emt
00:00:07]} Ne7 {[%clk 01:14:16]} {[%emt 00:00:55]} 11. e4 {[%clk 01:16:45]}
{[%emt 00:00:21]} a6 {[%clk 01:13:09]} {[%emt 00:01:38]} 12. O-O-O {[%clk
01:15:27]} {[%emt 00:01:47]} Qd7 {[%clk 01:12:22]} {[%emt 00:01:17]} 13. a3
{[%clk 01:14:54]} {[%emt 00:01:04]} Qa4 {[%clk 01:07:05]} {[%emt 00:05:46]} 14.
Rhf1 {[%clk 01:13:10]} {[%emt 00:02:13]} O-O {[%clk 01:05:02]} {[%emt
00:02:35]} 15. g4 {[%clk 01:11:55]} {[%emt 00:01:44]} Ng6 {[%clk 00:59:50]}
{[%emt 00:05:42]} 16. g5 {[%clk 01:11:47]} {[%emt 00:00:37]} hxg5 {[%clk
00:59:32]} {[%emt 00:00:49]} 17. Qxg5 {[%clk 01:11:58]} {[%emt 00:00:18]} Rfc8
{[%clk 00:58:42]} {[%emt 00:01:21]} 18. Nh4 {[%clk 01:09:47]} {[%emt 00:02:36]}
Nxh4 {[%clk 00:57:54]} {[%emt 00:01:23]} 19. Qxh4 {[%clk 01:09:44]} {[%emt
00:00:32]} Kf8 {[%clk 00:58:11]} {[%emt 00:00:13]} 20. Qh8+ {[%clk 01:08:34]}
{[%emt 00:01:30]} Ke7 {[%clk 00:57:58]} {[%emt 00:00:54]} 21. Qxg7 {[%clk
01:08:49]} {[%emt 00:00:14]} Rf8 {[%clk 00:56:57]} {[%emt 00:01:31]} 22. Qxf6+
{[%clk 01:08:58]} {[%emt 00:00:14]} Kd7 {[%clk 00:55:31]} {[%emt 00:02:02]} 23.
Bb3 {[%clk 01:07:36]} {[%emt 00:01:54]} Qd4 {[%clk 00:54:13]} {[%emt 00:01:48]}
24. c3 {[%clk 01:06:26]} {[%emt 00:01:41]} Qe3+ {[%clk 00:53:26]} {[%emt
00:01:17]} 25. Kb1 {[%clk 01:05:25]} {[%emt 00:01:29]} Qe2 {[%clk 00:51:30]}
{[%emt 00:02:26]} 26. Rf2 {[%clk 01:04:08]} {[%emt 00:01:46]} Qh5 {[%clk
00:50:52]} {[%emt 00:01:08]} 27. Rdf1 {[%clk 01:03:46]} {[%emt 00:00:50]} b5
{[%clk 00:50:00]} {[%emt 00:01:25]} 28. Qf5+ {[%clk 01:03:16]} {[%emt
00:00:56]} Qxf5 {[%clk 00:49:56]} {[%emt 00:00:38]} 29. Rxf5 {[%clk 01:03:41]}
{[%emt 00:00:06]} Kc8 {[%clk 00:49:23]} {[%emt 00:01:02]} 30. Rxf7 {[%clk
01:04:00]} {[%emt 00:00:12]} Rxf7 {[%clk 00:49:39]} {[%emt 00:00:13]} 31. Rxf7
{[%clk 01:04:19]} {[%emt 00:00:11]} Kb7 {[%clk 00:49:40]} {[%emt 00:00:29]} 32.
a4 {[%clk 01:04:20]} {[%emt 00:00:30]} bxa4 {[%clk 00:49:49]} {[%emt 00:00:21]}
33. Bxa4 {[%clk 01:04:42]} {[%emt 00:00:07]} Kb6 {[%clk 00:48:58]} {[%emt
00:01:21]} 34. Bc6 {[%clk 01:04:45]} {[%emt 00:00:26]} Rc8 {[%clk 00:49:13]}
{[%emt 00:00:16]} 35. Bd7 {[%clk 01:04:39]} {[%emt 00:00:32]} Rh8 {[%clk
00:48:42]} {[%emt 00:01:05]} 36. h3 {[%clk 01:04:58]} {[%emt 00:00:11]} a5
{[%clk 00:48:27]} {[%emt 00:00:46]} 37. b3 {[%clk 01:05:10]} {[%emt 00:00:16]}
Kc5 {[%clk 00:47:18]} {[%emt 00:01:38]} 38. b4+ {[%clk 01:04:40]} {[%emt
00:00:56]} axb4 {[%clk 00:47:20]} {[%emt 00:00:34]} 39. cxb4+ {[%clk 01:04:57]}
{[%emt 00:00:06]} Kxb4 {[%clk 00:47:20]} {[%emt 00:00:36]} 40. Bg4 {[%clk
01:05:15]} {[%emt 00:00:11]} Kc3 {[%clk 00:47:07]} {[%emt 00:00:45]} 41. Rxc7+
{[%clk 01:04:45]} {[%emt 00:00:59]} Kxd3 {[%emt 00:00:21]} 42. Bf5 {[%clk
01:05:08]} Ke3 {[%clk 00:47:07]} {[%emt 00:00:47]} 43. Rd7 {[%clk 01:05:24]}
{[%emt 00:00:12]} Kf4 {[%clk 00:45:59]} {[%emt 00:01:41]} 44. Rxd6 {[%clk
01:05:36]} {[%emt 00:00:18]} Kf3 {[%clk 00:46:12]} {[%emt 00:00:16]} 45. Re6
{[%clk 01:05:56]} {[%emt 00:00:08]} Kf4 {[%clk 00:46:21]} {[%emt 00:00:24]} 46.
d6 {[%clk 01:06:06]} {[%emt 00:00:17]} Rb8+ {[%clk 00:46:08]} {[%emt 00:00:45]}
47. Kc2 {[%clk 01:06:03]} {[%emt 00:00:29]} Rc8+ {[%clk 00:46:11]} {[%emt
00:00:30]} 48. Kd3 {[%clk 01:06:10]} {[%emt 00:00:18]} Rc6 {[%clk 00:46:05]}
{[%emt 00:00:42]} 49. d7 {[%clk 01:06:08]} {[%emt 00:00:32]} Rxe6 {[%clk
00:46:23]} {[%emt 00:00:13]} 50. Bxe6 {[%clk 01:06:32]} {[%emt 00:00:05]} Kg3
{[%clk 00:46:35]} {[%emt 00:00:18]} 51. d8=R {[%clk 01:06:40]} {[%emt
00:00:11]} Kf4 {[%clk 00:46:41]} {[%emt 00:00:35]} 52. Rf8+ {[%clk 01:07:00]}
{[%emt 00:00:09]} Kg5 {[%clk 00:46:42]} {[%emt 00:00:31]} 53. Ke3 {[%clk
01:07:09]} {[%emt 00:00:21]} Kg6 {[%emt 00:01:12]} 54. Ke2 Kg7 55. Rf3 Kg6
{[%clk 00:46:56]} {[%emt 00:00:01]} 56. h4 {[%clk 01:07:50]} Kh5 {[%clk
00:46:56]} 57. Rf5+ {[%clk 01:07:45]} {[%emt 00:04:02]} Kxh4 {[%clk 00:49:42]}
{[%emt 00:00:21]} 58. Rxe5 {[%clk 01:07:59]} {[%emt 00:00:16]} Kg3 {[%emt
00:00:45]} 59. Rg5+ {[%clk 01:08:07]} {[%emt 00:00:03]} Kh4 {[%clk 00:49:42]}
{[%emt 00:00:36]} 60. Rg8 {[%clk 01:08:26]} {[%emt 00:00:07]} Kh5 {[%clk
00:49:58]} {[%emt 00:00:17]} 61. Bd5 {[%clk 01:08:43]} {[%emt 00:00:13]} Kh6
{[%clk 00:50:13]} {[%emt 00:00:16]} 62. Kf3 {[%clk 01:08:52]} {[%emt 00:00:16]}
Kh7 {[%clk 00:50:37]} {[%emt 00:00:11]} 63. Kf4 {[%clk 01:09:08]} {[%emt
00:00:07]} Kh6 {[%clk 00:50:59]} {[%emt 00:00:15]} 64. Rg1 {[%clk 01:09:18]}
{[%emt 00:00:13]} Kh5 {[%clk 00:51:05]} {[%emt 00:00:29]} 65. Rg2 {[%clk
01:09:28]} {[%emt 00:00:15]} Kh6 {[%clk 00:51:29]} {[%emt 00:00:12]} 66. Kf5
{[%clk 01:09:52]} {[%emt 00:00:05]} Kh7 {[%clk 00:51:52]} {[%emt 00:00:07]} 67.
Kf6 {[%clk 01:10:17]} {[%emt 00:00:06]} Kh8 {[%clk 00:51:57]} {[%emt 00:00:25]}
68. Kf7 {[%clk 01:10:42]} {[%emt 00:00:05]} Kh7 {[%clk 00:52:15]} {[%emt
00:00:12]} 69. Rh2 {[%clk 01:11:02]} {[%emt 00:00:07]} 1-0

[Event "DEM U10w 2021"]
[Site "Willingen GER"]
[Date "2021.08.26"]
[Round "6"]
[White "Rößler, Helena"]
[Black "Tu, Audrey"]
[Result "1/2-1/2"]
[Termination "normal"]
[Board "15"]
[WhiteElo "1123"]
[BlackElo "913"]
[WhiteClock "00:51:07"]
[BlackClock "00:22:14"]
[PlyCount "47"]
[WhiteFideId "16266692"]
[BlackFideId "34628568"]
[EventCountry "GER"]
[EventRounds "11"]
[EventType "swiss"]
[EventDate "2021.08.22"]

1. e4 {[%clk 01:15:58]} {[%emt 00:00:01]} e5 {[%clk 01:15:54]} {[%emt
00:00:06]} 2. Nf3 {[%clk 01:16:21]} {[%emt 00:00:06]} Nc6 {[%clk 01:16:19]}
{[%emt 00:00:06]} 3. Bc4 {[%clk 01:16:43]} {[%emt 00:00:08]} Bc5 {[%clk
01:16:42]} {[%emt 00:00:07]} 4. O-O {[%clk 01:17:00]} {[%emt 00:00:13]} Nf6
{[%clk 01:16:44]} {[%emt 00:00:28]} 5. d4 {[%clk 01:17:23]} {[%emt 00:00:07]}
exd4 {[%clk 01:16:37]} {[%emt 00:00:37]} 6. e5 {[%clk 01:17:33]} {[%emt
00:00:19]} Ng8 {[%clk 01:13:18]} {[%emt 00:03:50]} 7. Re1 {[%clk 01:09:36]}
{[%emt 00:08:25]} Nge7 {[%clk 01:09:17]} {[%emt 00:04:32]} 8. Bxf7+ {[%clk
01:04:14]} {[%emt 00:05:53]} Kxf7 {[%clk 00:59:47]} {[%emt 00:10:00]} 9. Ng5+
{[%clk 01:04:08]} {[%emt 00:00:36]} Ke8 {[%clk 00:54:29]} {[%emt 00:05:47]} 10.
Qh5+ {[%clk 01:01:18]} {[%emt 00:03:20]} g6 {[%clk 00:50:56]} {[%emt 00:04:03]}
11. Qf3 {[%clk 01:01:14]} {[%emt 00:00:31]} Rf8 {[%clk 00:48:53]} {[%emt
00:02:36]} 12. Qb3 {[%clk 00:59:35]} {[%emt 00:02:09]} d3 {[%clk 00:43:15]}
{[%emt 00:06:08]} 13. Nxh7 {[%clk 00:58:52]} {[%emt 00:01:12]} Bxf2+ {[%clk
00:43:04]} {[%emt 00:00:41]} 14. Kh1 {[%clk 00:57:02]} {[%emt 00:02:06]} Bxe1
{[%clk 00:40:51]} {[%emt 00:02:58]} 15. Nxf8 {[%clk 00:57:13]} {[%emt
00:00:19]} Kxf8 {[%clk 00:40:13]} {[%emt 00:01:07]} 16. Bh6+ {[%clk 00:57:16]}
{[%emt 00:00:26]} Ke8 {[%clk 00:40:00]} {[%emt 00:00:45]} 17. Qxd3 {[%clk
00:55:53]} {[%emt 00:01:46]} d5 {[%clk 00:33:56]} {[%emt 00:06:41]} 18. exd6
{[%clk 00:54:55]} {[%emt 00:01:25]} Qxd6 {[%clk 00:29:37]} {[%emt 00:04:51]}
19. Qf1 {[%clk 00:52:00]} {[%emt 00:03:12]} Ba5 {[%clk 00:24:15]} {[%emt
00:06:05]} 20. Qf8+ {[%clk 00:51:45]} {[%emt 00:00:44]} Kd7 {[%clk 00:24:20]}
{[%emt 00:00:27]} 21. Nc3 {[%clk 00:51:21]} {[%emt 00:00:15]} Bxc3 {[%clk
00:24:12]} {[%emt 00:01:16]} 22. bxc3 {[%clk 00:51:21]} {[%emt 00:00:30]} b6
{[%clk 00:22:44]} {[%emt 00:01:58]} 23. Qf3 {[%clk 00:50:55]} {[%emt 00:00:41]}
Bb7 {[%clk 00:22:14]} {[%emt 00:01:15]} 24. Rd1 {[%clk 00:51:07]} {[%emt
00:00:14]} 1/2-1/2

[Event "DEM U10w 2021"]
[Site "Willingen GER"]
[Date "2021.08.26"]
[Round "6"]
[White "Funke, Luise"]
[Black "Wilke, Ronja"]
[Result "0-1"]
[Termination "normal"]
[Board "17"]
[WhiteElo "737"]
[BlackElo "823"]
[WhiteClock "00:49:36"]
[BlackClock "00:20:58"]
[PlyCount "74"]
[WhiteFideId "34623752"]
[BlackFideId "16288378"]
[EventCountry "GER"]
[EventRounds "11"]
[EventType "swiss"]
[EventDate "2021.08.22"]

1. e4 {[%clk 01:15:58]} {[%emt 00:00:01]} e5 {[%clk 01:15:55]} {[%emt
00:00:06]} 2. Nf3 {[%clk 01:16:24]} {[%emt 00:00:04]} Nc6 {[%clk 01:16:17]}
{[%emt 00:00:07]} 3. Bc4 {[%clk 01:16:46]} {[%emt 00:00:07]} Bc5 {[%clk
01:16:39]} {[%emt 00:00:09]} 4. c3 {[%clk 01:17:11]} {[%emt 00:00:06]} Nf6
{[%emt 00:00:11]} 5. d4 {[%clk 01:17:33]} {[%emt 00:00:05]} exd4 {[%clk
01:16:58]} {[%emt 00:00:30]} 6. cxd4 {[%clk 01:17:54]} {[%emt 00:00:10]} Bb4+
{[%clk 01:17:00]} {[%emt 00:00:28]} 7. Bd2 {[%clk 01:18:16]} {[%emt 00:00:07]}
Bxd2+ {[%clk 01:15:59]} {[%emt 00:01:30]} 8. Nbxd2 {[%clk 01:18:35]} {[%emt
00:00:12]} d5 {[%clk 01:15:14]} {[%emt 00:01:15]} 9. e5 {[%clk 01:15:55]}
{[%emt 00:03:10]} Qe7 {[%clk 01:12:59]} {[%emt 00:02:47]} 10. Bb3 {[%clk
01:14:12]} {[%emt 00:02:12]} O-O {[%clk 01:06:36]} {[%emt 00:06:54]} 11. O-O
{[%clk 01:14:26]} {[%emt 00:00:14]} Nd7 {[%clk 00:56:24]} {[%emt 00:10:42]} 12.
Bxd5 {[%clk 01:14:12]} {[%emt 00:00:44]} Nb4 {[%clk 00:54:33]} {[%emt
00:02:23]} 13. Bc4 {[%clk 01:12:55]} {[%emt 00:01:46]} b6 {[%clk 00:53:48]}
{[%emt 00:01:15]} 14. a3 {[%clk 01:09:27]} {[%emt 00:03:58]} Na6 {[%clk
00:52:54]} {[%emt 00:01:23]} 15. Qe2 {[%clk 01:07:17]} {[%emt 00:02:41]} Nab8
{[%clk 00:51:40]} {[%emt 00:01:43]} 16. Qe4 {[%clk 01:06:51]} {[%emt 00:00:57]}
c6 {[%clk 00:49:42]} {[%emt 00:02:28]} 17. Bd3 {[%clk 01:06:40]} {[%emt
00:00:41]} g6 {[%clk 00:48:56]} {[%emt 00:01:16]} 18. Nh4 {[%clk 01:03:36]}
{[%emt 00:03:34]} Qg5 {[%clk 00:47:12]} {[%emt 00:02:14]} 19. Ndf3 {[%clk
01:02:57]} {[%emt 00:01:10]} Qh6 {[%clk 00:38:27]} {[%emt 00:09:14]} 20. Nf5
{[%clk 01:01:14]} {[%emt 00:02:13]} gxf5 {[%clk 00:32:07]} {[%emt 00:06:50]}
21. Qxf5 {[%clk 01:01:17]} {[%emt 00:00:27]} Nc5 {[%clk 00:32:26]} {[%emt
00:00:12]} 22. Qf6 {[%clk 00:59:04]} {[%emt 00:02:43]} Qxf6 {[%clk 00:32:45]}
{[%emt 00:00:09]} 23. exf6 {[%clk 00:59:14]} {[%emt 00:00:21]} Nxd3 {[%clk
00:33:06]} {[%emt 00:00:09]} 24. Rab1 {[%clk 00:58:40]} {[%emt 00:01:05]} c5
{[%clk 00:32:13]} {[%emt 00:01:23]} 25. Rfd1 {[%clk 00:58:19]} {[%emt
00:00:53]} Nf4 {[%clk 00:32:01]} {[%emt 00:00:40]} 26. d5 {[%clk 00:57:31]}
{[%emt 00:01:17]} Rd8 {[%clk 00:30:18]} {[%emt 00:02:14]} 27. d6 {[%clk
00:57:21]} {[%emt 00:00:41]} Nd7 {[%clk 00:26:25]} {[%emt 00:04:22]} 28. g3
{[%clk 00:56:04]} {[%emt 00:01:47]} Nh5 {[%clk 00:25:42]} {[%emt 00:01:14]} 29.
Nh4 {[%clk 00:55:27]} {[%emt 00:01:06]} Ndxf6 {[%clk 00:24:55]} {[%emt
00:01:15]} 30. Rd3 {[%clk 00:53:36]} {[%emt 00:02:23]} Ne4 {[%clk 00:24:37]}
{[%emt 00:00:49]} 31. Re1 {[%clk 00:52:50]} {[%emt 00:01:16]} Nxd6 {[%clk
00:24:27]} {[%emt 00:00:39]} 32. Rde3 {[%clk 00:52:43]} {[%emt 00:00:39]} Bb7
{[%clk 00:22:32]} {[%emt 00:02:25]} 33. Re5 {[%clk 00:51:25]} {[%emt 00:01:47]}
Ng7 {[%clk 00:22:08]} {[%emt 00:00:54]} 34. Rg5 {[%clk 00:50:37]} {[%emt
00:01:18]} f6 {[%clk 00:21:17]} {[%emt 00:01:21]} 35. Rg4 {[%clk 00:49:47]}
{[%emt 00:01:20]} Re8 {[%clk 00:20:41]} {[%emt 00:01:05]} 36. Rd1 {[%clk
00:49:44]} {[%emt 00:00:33]} Kf7 {[%clk 00:20:36]} {[%emt 00:00:37]} 37. Rxd6
{[%clk 00:49:36]} {[%emt 00:00:37]} Re1# {[%clk 00:20:58]} {[%emt 00:00:07]}
0-1

[Event "DEM U10w 2021"]
[Site "Willingen GER"]
[Date "2021.08.26"]
[Round "6"]
[White "Ruddat, Maila"]
[Black "Guliyeva, Zahra"]
[Result "1/2-1/2"]
[Termination "normal"]
[Board "18"]
[WhiteElo "729"]
[BlackElo "783"]
[WhiteClock "00:41:01"]
[BlackClock "01:17:03"]
[PlyCount "65"]
[WhiteFideId "34628100"]
[BlackFideId "34630198"]
[EventCountry "GER"]
[EventRounds "11"]
[EventType "swiss"]
[EventDate "2021.08.22"]

1. e4 {[%clk 01:15:57]} {[%emt 00:00:02]} e5 {[%clk 01:15:53]} {[%emt
00:00:07]} 2. Nf3 {[%clk 01:16:11]} {[%emt 00:00:16]} Nc6 {[%clk 01:16:15]}
{[%emt 00:00:09]} 3. Bc4 {[%clk 01:16:10]} {[%emt 00:00:31]} Bc5 {[%clk
01:16:34]} {[%emt 00:00:10]} 4. Nc3 {[%clk 01:16:11]} {[%emt 00:00:28]} Nf6
{[%clk 01:16:48]} {[%emt 00:00:17]} 5. d3 {[%clk 01:15:37]} {[%emt 00:01:04]}
h6 {[%clk 01:17:09]} {[%emt 00:00:08]} 6. Be3 {[%clk 01:15:26]} {[%emt
00:00:41]} Bb6 {[%clk 01:17:26]} {[%emt 00:00:12]} 7. h3 {[%clk 01:14:42]}
{[%emt 00:01:15]} d6 {[%clk 01:17:49]} {[%emt 00:00:08]} 8. Qe2 {[%clk
01:14:22]} {[%emt 00:00:49]} Be6 {[%clk 01:17:43]} {[%emt 00:00:37]} 9. Bb3
{[%clk 01:13:57]} {[%emt 00:00:54]} O-O {[%clk 01:17:37]} {[%emt 00:00:37]} 10.
O-O-O {[%clk 01:13:52]} {[%emt 00:00:35]} Bxb3 {[%clk 01:17:39]} {[%emt
00:00:28]} 11. cxb3 {[%clk 01:13:46]} {[%emt 00:00:33]} Bxe3+ {[%clk 01:15:19]}
{[%emt 00:02:51]} 12. Qxe3 {[%clk 01:13:28]} {[%emt 00:00:49]} Nb4 {[%clk
01:15:23]} {[%emt 00:00:27]} 13. g4 {[%clk 01:11:30]} {[%emt 00:02:26]} c6
{[%clk 01:15:33]} {[%emt 00:00:21]} 14. Rhg1 {[%clk 01:10:33]} {[%emt
00:01:26]} d5 {[%clk 01:15:58]} {[%emt 00:00:06]} 15. exd5 {[%clk 01:09:57]}
{[%emt 00:01:06]} cxd5 {[%clk 01:16:18]} {[%emt 00:00:10]} 16. Qxe5 {[%clk
01:07:56]} {[%emt 00:02:29]} Re8 {[%clk 01:15:48]} {[%emt 00:01:02]} 17. Qd4
{[%clk 01:08:02]} {[%emt 00:00:23]} a5 {[%clk 01:16:00]} {[%emt 00:00:19]} 18.
Rde1 {[%clk 01:05:10]} {[%emt 00:03:22]} Qc7 {[%clk 01:15:34]} {[%emt
00:00:57]} 19. a3 {[%emt 00:06:46]} Na2+ {[%emt 00:00:09]} 20. Kb1 {[%clk
00:57:19]} {[%emt 00:01:25]} Nb4 {[%clk 01:15:06]} {[%emt 00:00:59]} 21. axb4
{[%clk 00:57:00]} {[%emt 00:00:46]} axb4 {[%clk 01:15:27]} {[%emt 00:00:11]}
22. Qxb4 {[%clk 00:55:47]} {[%emt 00:01:42]} Ra7 {[%clk 01:15:29]} {[%emt
00:00:25]} 23. Rxe8+ {[%clk 00:53:57]} {[%emt 00:01:49]} Nxe8 {[%clk 01:15:36]}
{[%emt 00:00:58]} 24. Nb5 {[%clk 00:53:06]} {[%emt 00:01:21]} Qb6 {[%clk
01:15:35]} {[%emt 00:00:32]} 25. Nxa7 {[%clk 00:52:08]} {[%emt 00:01:27]} Qxb4
{[%clk 01:15:56]} {[%emt 00:00:10]} 26. Re1 {[%clk 00:49:49]} {[%emt 00:02:43]}
Kf8 {[%clk 01:16:18]} {[%emt 00:00:09]} 27. Re5 {[%clk 00:47:13]} {[%emt
00:03:11]} Qxb3 {[%clk 01:16:23]} {[%emt 00:00:23]} 28. Kc1 {[%clk 00:44:13]}
{[%emt 00:03:31]} Qxd3 {[%clk 01:16:35]} {[%emt 00:00:17]} 29. Nd2 {[%clk
00:43:08]} {[%emt 00:01:34]} Qxh3 {[%clk 01:16:41]} {[%emt 00:00:26]} 30. Rxd5
{[%clk 00:42:13]} {[%emt 00:01:12]} Qxg4 {[%clk 01:16:56]} {[%emt 00:00:27]}
31. Nb5 {[%clk 00:41:41]} {[%emt 00:01:06]} Qe6 {[%clk 01:16:55]} {[%emt
00:00:23]} 32. Rd3 {[%clk 00:41:17]} {[%emt 00:00:59]} Qa2 {[%clk 01:17:03]}
{[%emt 00:00:21]} 33. Ra3 {[%clk 00:41:01]} {[%emt 00:00:42]} 1/2-1/2